Pokémon - Stade 1 - Statistiques

Statistiques générales
  • Ce quiz a été pris 36 fois
    27 depuis la dernière actualisation
  • Le résultat moyen est 218 sur 422
Statistiques - réponses
Pokémon % Correct
0001 Bulbizarre
100%
0007 Carapuce
100%
0004 Salamèche
100%
0172 Pichu
94%
0023 Abo
88%
0013 Aspicot
88%
0010 Chenipan
88%
0021 Piafabec
88%
0019 Rattata
88%
0016 Roucool
88%
0037 Goupix
81%
0252 Arcko
75%
0653 Feunnec
75%
0152 Germignon
75%
0258 Gobou
75%
0656 Grenousse
75%
0498 Gruikui
75%
0155 Héricendre
75%
0158 Kaiminus
75%
0816 Larméléon
75%
0129 Magicarpe
75%
0650 Marisson
75%
0173 Mélo
75%
0501 Moustillon
75%
0390 Ouisticram
75%
0027 Sabelette
75%
0393 Tiplouf
75%
0495 Vipélierre
75%
0058 Caninos
69%
0069 Chétiflor
69%
0909 Chochodile
69%
0912 Coiffeton
69%
0132 Métamorph
69%
0043 Mystherbe
69%
0041 Nosferapti
69%
0728 Otaquin
69%
0810 Ouistempo
69%
0906 Poussacha
69%
0255 Poussifeu
69%
0235 Queulorior
69%
0387 Tortipouss
69%
0174 Toudoudou
69%
0138 Amonita
63%
0194 Axoloto
63%
0458 Babimanta
63%
0349 Barpau
63%
0782 Bébécaille
63%
0722 Brindibou
63%
0083 Canarticho
63%
0318 Carvanha
63%
0509 Chacripan
63%
0532 Charpenti
63%
0265 Chenipotte
63%
0236 Debugant
63%
0241 Écrémeuh
63%
0239 Élekid
63%
0246 Embrylex
63%
0396 Étourmi
63%
0133 Évoli
63%
0092 Fantominus
63%
0813 Flambino
63%
0725 Flamiaou
63%
0161 Fouinette
63%
0746 Froussardine
63%
0304 Galekid
63%
0278 Goélise
63%
0446 Goinfrex
63%
0273 Grainipiot
63%
0443 Griknot
63%
0538 Judokrak
63%
0140 Kabuto
63%
0539 Karaclée
63%
0399 Keunotor
63%
0090 Kokiyas
63%
0433 Korillon
63%
0619 Kungfouine
63%
0403 Lixy
63%
0131 Lokhlass
63%
0240 Magby
63%
0081 Magnéti
63%
0052 Miaouss
63%
0439 Mime Jr.
63%
0147 Minidraco
63%
0679 Monorpale
63%
0704 Mucuscule
63%
0531 Nanméouïe
63%
0312 Négapi
63%
0270 Nénupiot
63%
0102 Noeunoeuf
63%
0104 Osselait
63%
0977 Oyacata
63%
0231 Phanpy
63%
0204 Pomdepik
63%
0311 Posipi
63%
0142 Ptéra
63%
0440 Ptiravi
63%
0074 Racaillou
63%
0111 Rhinocorne
63%
0355 Skelénox
63%
0096 Soporifik
63%
0120 Stari
63%
0128 Tauros
63%
0535 Tritonde
63%
0179 Wattouat
63%
0201 Zarbi
63%
0263 Zigzaton
63%
0602 Anchwatt
56%
0415 Apitrini
56%
0283 Arakdo
56%
0751 Araqua
56%
0436 Archéomire
56%
0566 Arkéapti
56%
0298 Azurill
56%
0550 Bargantua
56%
0672 Cabriolaine
56%
0322 Chamallot
56%
0548 Chlorobule
56%
0293 Chuchmur
56%
0366 Coquiperl
56%
0222 Corayon
56%
0580 Couaneton
56%
0557 Crabicoque
56%
0453 Cradopaud
56%
0554 Darumarond
56%
0702 Dedenne
56%
0963 Dofin
56%
0371 Draby
56%
0309 Dynavolt
56%
0456 Écayon
56%
0056 Férosinge
56%
0200 Feuforêve
56%
0511 Feuillajou
56%
0669 Flabébé
56%
0513 Flamajou
56%
0515 Flotajou
56%
0626 Frison
56%
0694 Galvaran
56%
0859 Grimalin
56%
0942 Grondogue
56%
0115 Kangourex
56%
0352 Kecleon
56%
0427 Laporeille
56%
0540 Larveyette
56%
0664 Lépidonille
56%
0345 Lilia
56%
0238 Lippouti
56%
0066 Machoc
56%
0296 Makuhita
56%
0261 Medhyèna
56%
0568 Miamiasme
56%
0778 Mimiqui
56%
0048 Mimitoss
56%
0418 Mustébouée
56%
0978 Nigirigon
56%
0276 Nirondelle
56%
0363 Obalie
56%
0360 Okéoké
56%
0095 Onix
56%
0086 Otaria
56%
0417 Pachirisu
56%
0674 Pandespiègle
56%
0441 Pijako
56%
0519 Poichigeon
56%
0506 Ponchiot
56%
0077 Ponyta
56%
0137 Porygon
56%
0054 Psykokwak
56%
0060 Ptitard
56%
0504 Ratentif
56%
0223 Rémoraid
56%
0406 Rozbouton
56%
0659 Sapereau
56%
0114 Saquedeneu
56%
0624 Scalpion
56%
0127 Scarabrute
56%
0109 Smogo
56%
0582 Sorbébé
56%
0442 Spiritomb
56%
0361 Stalgamin
56%
0088 Tadmorv
56%
0299 Tarinor
56%
0280 Tarsal
56%
0216 Teddiursa
56%
0302 Ténéfix
56%
0072 Tentacool
56%
0599 Tic
56%
0757 Tritox
56%
0585 Vivaldaim
56%
0100 Voltorbe
56%
0193 Yanma
56%
0570 Zorua
56%
0063 Abra
50%
0631 Aflamanoir
50%
0227 Airmure
50%
0698 Amagara
50%
0347 Anorith
50%
0343 Balbuto
50%
0285 Balignon
50%
0708 Brocélôme
50%
0190 Capumain
50%
0588 Carabing
50%
0234 Cerfrousse
50%
0420 Ceribou
50%
0837 Charbi
50%
0324 Chartor
50%
0198 Cornèbre
50%
0676 Couafarel
50%
0610 Coupenotte
50%
0165 Coxy
50%
0561 Cryptéro
50%
0410 Dinoclier
50%
0084 Doduo
50%
0587 Emolga
50%
0616 Escargaume
50%
0215 Farfuret
50%
0632 Fermite
50%
0872 Frissonille
50%
0627 Furaiglon
50%
0915 Gourmelet
50%
0765 Gouroutan
50%
0712 Grelaçon
50%
0850 Grillepattes
50%
0622 Gringolem
50%
0163 Hoothoot
50%
0098 Krabby
50%
0824 Larvadar
50%
0736 Larvibule
50%
0218 Limagma
50%
0228 Malosse
50%
0594 Mamanbo
50%
0734 Manglouton
50%
0438 Manzaï
50%
0551 Mascaïman
50%
0307 Méditikka
50%
0821 Minisange
50%
0999 Mordudor
50%
0877 Morpeko
50%
0351 Morphéo
50%
0177 Natu
50%
0290 Ningale
50%
0524 Nodulithe
50%
0046 Paras
50%
0710 Pitrouille
50%
0741 Plumeline
50%
0921 Pohm
50%
0118 Poissirène
50%
0613 Polarhume
50%
0353 Polichombr
50%
0677 Psystigri
50%
0636 Pyronille
50%
0766 Quartermac
50%
0211 Qwilfish
50%
0079 Ramoloss
50%
0451 Rapion
50%
0744 Rocabot
50%
0529 Rototaupe
50%
0422 Sancoki
50%
0207 Scorplane
50%
0574 Scrutella
50%
0337 Séléroc
50%
0781 Sinistrail
50%
0338 Solaroc
50%
0633 Solochi
50%
0714 Sonistrelle
50%
0767 Sovkipou
50%
0325 Spoink
50%
0703 Strassie
50%
0684 Sucroquin
50%
0960 Taupikeau
50%
0050 Taupiqueur
50%
0374 Terhal
50%
0777 Togedemaru
50%
0175 Togepi
50%
0590 Trompignon
50%
0357 Tropius
50%
0562 Tutafeh
50%
0592 Viskuse
50%
0455 Vortente
50%
0522 Zébibron
50%
0359 Absol
44%
0559 Baggiguane
44%
0425 Baudrive
44%
0701 Brutalibré
44%
0331 Cacnea
44%
0431 Chaglam
44%
0878 Charibari
44%
0924 Compagnol
44%
0771 Concombaffe
44%
0401 Crikzik
44%
0761 Croquine
44%
0546 Doudouvet
44%
0108 Excelangue
44%
0881 Galvagla
44%
0316 Gloupti
44%
0597 Grindur
44%
0764 Guérilande
44%
0615 Hexagel
44%
0883 Hydragla
44%
0116 Hypotrempe
44%
0123 Insécateur
44%
0206 Insolourdo
44%
0328 Kraknoix
44%
0408 Kranidos
44%
0605 Lewsor
44%
0618 Limonde
44%
0370 Lovdisc
44%
0556 Maracachi
44%
0753 Mimantis
44%
0167 Mimigal
44%
0479 Motisma
44%
0831 Moumouton
44%
0577 Nucléos
44%
0928 Olivini
44%
0287 Parecool
44%
0661 Passerouge
44%
0926 Pâtachiot
44%
0852 Poulpaf
44%
0696 Ptyranidur
44%
0447 Riolu
44%
0819 Rongourmand
44%
0214 Scarhino
44%
0336 Séviper
44%
0327 Spinda
44%
0931 Tapatoès
44%
0948 Terracool
44%
0938 Têtampoule
44%
0854 Théffroi
44%
0749 Tiboudet
44%
0848 Toxizap
44%
0707 Trousselin
44%
0333 Tylton
44%
0543 Venipatte
44%
0629 Vostourno
44%
0320 Wailmer
44%
0875 Bekaglaçon
38%
0856 Bibichut
38%
0742 Bombydou
38%
0564 Carapagos
38%
0412 Cheniti
38%
0527 Chovsourir
38%
0950 Craparoi
38%
0868 Crèmy
38%
0779 Denticrisse
38%
0775 Dodoala
38%
0780 Draïeul
38%
0621 Drakkarmin
38%
0843 Dunaja
38%
0884 Duralugon
38%
0955 Flotillon
38%
0682 Fluvetin
38%
0957 Forgerette
38%
0607 Funécire
38%
0880 Galvagon
38%
0969 Germéclat
38%
0203 Girafarig
38%
0827 Goupilou
38%
0185 Granivol
38%
0944 Gribouraigne
38%
0870 Hexadron
38%
0449 Hippopotas
38%
0882 Hydragon
38%
0953 Léboulérou
38%
0919 Lilliterelle
38%
0170 Loupio
38%
0314 Lumivole
38%
0774 Météno
38%
0967 Motorizard
38%
0434 Moufouette
38%
0313 Muciole
38%
0303 Mysdibule
38%
0759 Nounourson
38%
0688 Opermine
38%
0369 Relicanth
38%
0932 Selutin
38%
0300 Skitty
38%
0209 Snubbull
38%
0755 Spododo
38%
0595 Statitik
38%
0917 Tissenboule
38%
0191 Tournegrin
38%
0690 Venalgue
38%
0840 Verpom
38%
0946 Virovent
38%
0965 Vrombi
38%
0876 Wimessir
38%
0769 Bacabouh
31%
0339 Barloche
31%
0459 Blizzi
31%
0776 Boumata
31%
0213 Caratroc
31%
0935 Charbambin
31%
0572 Chinchidou
31%
0976 Délestin
31%
0874 Dolman
31%
0341 Écrapince
31%
0885 Fantyrm
31%
0968 Ferdeter
31%
0973 Flamenroule
31%
0692 Flingouste
31%
0996 Frigodo
31%
0667 Hélionceau
31%
0833 Khélocrok
31%
0335 Mangriff
31%
0845 Nigosier
31%
0731 Picassaut
31%
0829 Tournicoton
31%
0971 Toutombe
31%
0835 Voltoutou
31%
0747 Vorastérie
31%
0871 Wattapik
31%
0940 Zapétrel
31%
0739 Crabagarre
25%
0846 Embrochet
25%
0220 Marcacrin
25%
0517 Munna
25%
0974 Piétacé
25%
0951 Pimito
25%
0686 Sepiatop
25%
0225 Cadoizo
19%
0029 Nidoran♀
19%
0032 Nidoran♂
19%
0962 Lestomtbaile
0%
Aucun quiz correspondant
Distribution des résultats
% des personnes avec chaque résultat
Percentile par nombre de réponses
Votre historique - résultats
Vous n’avez pas pris ce quiz depuis la dernière actualisation